|
|
|
|
| LEADER |
00647nam a2200169Ia 4500 |
| 001 |
143857 |
| 008 |
170722s9999 xx 000 0 und d |
| 100 |
|
|
|a Muller, F. Max
|
| 245 |
|
|
|a History of ancient Sanskrit literature /
|
| 490 |
|
|
|a Chowkhamba Sanskrit studies
|
| 653 |
|
|
|a History
|
| 653 |
|
|
|a Sanskrit Literature
|
| 923 |
|
|
|d 20080828
|n CRB0035
|
| 942 |
|
|
|c GEN
|
| 999 |
|
|
|c 139001
|d 139001
|
| 952 |
|
|
|0 0
|1 0
|4 0
|6 O_15V_B_AX9_N3
|7 0
|9 196441
|a LIB
|b LIB
|d 2013-03-25
|e VP
|l 2
|o O15v.B AX9, -N3
|p 270882
|r 2018-11-22
|s 2018-10-15
|w 2017-08-12
|y GEN
|
| 952 |
|
|
|0 0
|1 0
|4 0
|6 O_15V_B_AX9_N3
|7 0
|9 196442
|a LIB
|b LIB
|d 2017-08-12
|o O15v.B AX9, -N3
|p A1605
|r 2017-08-12
|w 2017-08-12
|y GEN
|